000 00673cam a22002293a 4500
001 27430
003 PGUSA
005 20140828083607.0
008 081207s2008||||xxu|||||s|||||000 | eng d
040 _aPGUSA
_beng
042 _adc
050 4 _aE300
100 1 _aFiske, John,
_d1842-1901
245 1 4 _aThe Critical Period of American History
_h[electronic resource] /
_cJohn Fiske
260 _bProject Gutenberg,
_c2008
506 _aPublic domain in the USA.
516 _aElectronic text
653 _aUnited States -- History -- Confederation, 1783-1789
830 0 _aProject Gutenberg
_v27430
856 4 0 _uhttp://www.gutenberg.org/ebooks/27430
942 _cEB
999 _c256685
_d256685